| 000 | 01301nam a22003617a 4500 | ||
|---|---|---|---|
| 003 | CHAP | ||
| 005 | 20220329142258.0 | ||
| 008 | 000503d2000 mx r 00110 spa d | ||
| 010 | _a80984 | ||
| 011 | _a81956 | ||
| 035 | _a92440 | ||
| 040 | _cCHAP | ||
| 090 | _aTesis | ||
| 100 | 0 | 0 |
_aBravo Pliego, Jesús. _915155 |
| 245 | 1 | 0 |
_aImpacto de las políticas de subsidios a patrones de cultivos intensivos en riego, análisis a través de un modelo de equilibrio general _c/por Jesús Bravo Pliego |
| 260 |
_aChapingo, Méx. : _bEl autor, _c2000. |
||
| 300 |
_a50 h. ; _banexos |
||
| 502 | _aTesis (Ing. en Irrigación) -- UACH. Departamento de Irrigación | ||
| 590 |
_aALEPH _b10 _c20130110 _lUCH01 _h1434 |
||
| 590 |
_aBATCH-UPD _b10 _c20130110 _lUCH01 _h1237 |
||
| 590 |
_aBATCH-UPD _b10 _c20130410 _lUCH01 _h0804 |
||
| 590 |
_aBATCH-UPD _b10 _c20130914 _lUCH01 _h1658 |
||
| 590 |
_aCONVERSION _b10 _c20130109 _lUCH01 _h1345 |
||
| 650 | 1 | 4 |
_aIrrigación _xMéxico. _960433 |
| 650 | 1 | 4 |
_aPolítica comercial _zMéxico. _990479 |
| 650 | 1 | 4 |
_aPolítica económica _zMéxico. _990535 |
| 650 | 1 | 4 |
_aSubsidios. _9110160 |
| 901 | _aBK | ||
| 905 | _aAlejandra Carrasco M. | ||
| 942 | _cFOLL | ||
| 949 |
_bBC _cTES _d33724000780607 _eTS2 _fc.2 _h36139 _i92440 _si |
||
| 949 |
_bBC _cTES _d924401 _eTS1 _h36138 _i92440 _sb |
||
| 999 |
_c80984 _d80984 |
||